|
|
|
|
| LEADER |
00000nab a2200000 4500 |
| 001 |
vtls011967408 |
| 003 |
SK-MaSNL |
| 005 |
20260303192758.0 |
| 008 |
200519|2020 xo ||||||| ||00 ||slo| |
| 038 |
|
|
|a PPPK
|
| 040 |
|
|
|a PPPKCL
|b slo
|e rda
|
| 041 |
0 |
|
|a slo
|
| 043 |
|
|
|a e-xo---
|
| 044 |
|
|
|a xo
|c SK
|
| 072 |
|
7 |
|a 796
|x Šport. Hry. Telesné cvičenia
|2 konspekt
|
| 080 |
|
|
|a 796/799
|2 2011
|
| 080 |
|
|
|a 796.325
|2 2011
|
| 080 |
|
|
|a 796.093
|2 2011
|
| 110 |
2 |
|
|a Mestský športový klub (Štrba, Slovensko). Volejbalový oddiel
|4 aut
|9 1223388
|
| 245 |
0 |
0 |
|a Jubilejný 40. ročník volejbalového turnaja o pohár starostu obce
|c Volejbalový oddiel ŠK Štrba
|
| 300 |
|
|
|b Fotografie
|
| 336 |
|
|
|a text
|b txt
|2 rdacontent
|
| 337 |
|
|
|a bez média
|b n
|2 rdamedia
|
| 338 |
|
|
|a zväzok
|b nc
|2 rdacarrier
|
| 611 |
2 |
7 |
|a O pohár starostu obce
|n (40 . :
|d 2019 :
|c Štrba, Slovensko)
|2 SNK
|9 1223389
|
| 648 |
|
7 |
|a 28.12.2019
|2 SNK
|9 1223390
|
| 650 |
0 |
7 |
|a šport
|2 SNKPH
|9 1042
|
| 650 |
0 |
7 |
|a volejbal
|2 SNKPH
|9 3294
|
| 650 |
0 |
7 |
|a športové súťaže
|2 SNKPH
|9 1047
|
| 651 |
|
7 |
|a Štrba (Slovensko)
|2 SNKPHgeo
|9 56257
|
| 651 |
|
7 |
|a Poprad (Slovensko : okres)
|2 SNKPHgeo
|9 28675
|
| 655 |
|
7 |
|a správy
|2 SNKPH
|9 70563
|
| 773 |
0 |
|
|t Štrbské noviny : noviny pre občanov a návštevníkov Štrby, Tatranskej Štrby a Štrbského Plesa
|g Roč. IX., č. 1 (2020), s. 26
|x 2453-6482
|
| 852 |
|
|
|a PPPK
|b KIS3GCP
|
| 999 |
|
|
|c 2148693
|d 2150623
|